Interpretación y análisis de la obra literaria /

Guardado en:
Autor Principal: Kayser, Wolfang
Formato: Libro
Publicado: España : Gredos, 1968
Edición:4a. ed.
Series:Bibl. Románica Hispánica1
Etiquetas: Agregar Etiqueta
Sin Etiquetas, Sea el primero en etiquetar este registro!
LEADER 00551nam a22001815a 4500
001 CEM.cems003554
005 19000101000000.0
008 130507s1968##################000#0#####d
003 CEMS
082 0 4 |a 808 
100 1 |a Kayser, Wolfang 
245 1 0 |a Interpretación y análisis de la obra literaria / 
250 |a 4a. ed. 
260 |a España :  |b Gredos,  |c 1968 
300 |a 594 p. 
490 0 |a Bibl. Románica Hispánica1 
859 |a CEMS  |b BIB. CEMS - 11 de abril  |h 808  |i K187a4  |p 1931.74  |t Ej.1 
859 |a CEMS  |b BIB. CEMS - 11 de abril  |h 808  |i K187a4  |p 5474.76  |t Ej.2